[Event "Let's Play Chess!"]
[Site "http://www.queenalice.com/game.php?id=927975"]
[Date "2011.4.20"]
[Round "-"]
[White "jodense"]
[Black "spawnwolfwolverine"]
[Result "1-0"]
[WhiteElo "2147"]
[BlackElo "1569"]

1. e4 e5 2. Nf3 d6 3. d4 exd4 4. Nxd4 Bd7 5. Be2 Nc6 6. O-O Nxd4 7. Qxd4 Nf6 8.
Nc3 Be7 9. f4 O-O 10. e5 dxe5 11. fxe5 Bc6 12. Qxd8 Bxd8 13. exf6 Bxf6 14. Bf4
Bxc3 15. bxc3 Rac8 16. Bc4 b5 17. Bd3 a6 18. Rfe1 Bd5 19. Bf5 Be6 20. Rxe6 fxe6
21. Bxe6+ Kh8 22. Bxc8 Rxc8 23. a4 c6 24. axb5 cxb5 25. Rxa6 g6 26. Be5+ Kg8 27.
Bd4 Rb8 28. Ra7 b4 29. Rg7+ Kf8 30. Rxh7 bxc3 31. Rh8+ Kf7 32. Rxb8 g5 33. Rb6
g4 34. Kf2 g3+ 35. Kxg3 Ke7 36. Kf4 Kf7 37. Bf6 Kg6 38. Rd6 Kh5 39. Bxc3 Kh4 40.
Rh6# 1-0

[Event "Let's Play Chess!"]
[Site "http://www.queenalice.com/game.php?id=929501"]
[Date "2011.4.23"]
[Round "-"]
[White "jodense"]
[Black "raf33700"]
[Result "1-0"]
[WhiteElo "2087"]
[BlackElo "1595"]

1. e4 c5 2. Nf3 d5 3. exd5 Qxd5 4. Nc3 Qd8 5. d4 e6 6. Be3 Nc6 7. dxc5 Qa5 8.
Nd2 Bxc5 9. Nb3 Qb6 10. Bxc5 Qc7 11. Bd6 Qd8 12. Nb5 Qf6 13. Nc7+ Kd7 14. Be5+
1-0

[Event "AUTO-ADV-2138"]
[Site "http://www.queenalice.com/game.php?id=929900"]
[Date "2011.4.24"]
[Round "1"]
[White "biano"]
[Black "jodense"]
[Result "0-1"]
[WhiteElo "1801"]
[BlackElo "2151"]

1. e4 e5 2. Nf3 Nc6 3. Bb5 a6 4. Ba4 b5 5. Bb3 Bd6 6. O-O Nf6 7. d3 Bb7 8. c3
O-O 9. Nbd2 h6 10. Re1 Re8 11. Nf1 Na5 12. Bc2 c5 0-1

[Event "AUTO-ADV-2138"]
[Site "http://www.queenalice.com/game.php?id=929901"]
[Date "2011.4.24"]
[Round "1"]
[White "jodense"]
[Black "biano"]
[Result "1-0"]
[WhiteElo "2147"]
[BlackElo "1801"]

1. e4 e6 2. Nf3 d5 3. exd5 exd5 4. d4 Nf6 5. Nc3 Bg4 6. h3 Bh5 7. g4 Nxg4 8.
Qe2+ Be7 9. hxg4 Bxg4 10. Qb5+ Nc6 11. Ne5 Bd7 12. Qxd5 Nxe5 13. Qxe5 1-0

[Event "AUTO-ADV-2138"]
[Site "http://www.queenalice.com/game.php?id=929914"]
[Date "2011.4.24"]
[Round "1"]
[White "allgambits"]
[Black "jodense"]
[Result "0-1"]
[WhiteElo "1744"]
[BlackElo "2095"]

1. d4 d5 2. c4 e6 3. e3 Nf6 4. Nf3 c5 5. Nc3 Nc6 6. cxd5 exd5 7. Bb5 Bd6 8. dxc5
Bxc5 9. Ne5 Qd6 10. Qa4 O-O 11. Nxc6 bxc6 12. Bxc6 Rb8 13. Bb5 d4 14. exd4 Bxd4
15. O-O Ng4 16. g3 Qc5 17. Ne4 Qxb5 18. Qxd4 Nxh2 19. Kxh2 Qxf1 0-1

[Event "AUTO-ADV-2138"]
[Site "http://www.queenalice.com/game.php?id=929915"]
[Date "2011.4.24"]
[Round "1"]
[White "jodense"]
[Black "allgambits"]
[Result "1-0"]
[WhiteElo "2087"]
[BlackElo "1744"]

1. e4 e5 2. Nf3 Nc6 3. Bb5 d6 4. Nc3 Nf6 5. d4 exd4 6. Nxd4 Bd7 7. O-O Nxd4 8.
Bxd7+ Qxd7 9. Qxd4 Be7 10. Rd1 Qc6 11. Nd5 Qd7 12. Rd3 c6 13. Nxe7 Qxe7 14. Bf4
Nh5 15. Bxd6 Qd7 16. Qe5+ 1-0

[Event "AUTO-ADV-2138"]
[Site "http://www.queenalice.com/game.php?id=929924"]
[Date "2011.4.24"]
[Round "1"]
[White "jodense"]
[Black "gedalias"]
[Result "1-0"]
[WhiteElo "1882"]
[BlackElo "1996"]

1. e4 c5 2. Nf3 Nc6 3. Bb5 a6 4. Bxc6 bxc6 5. O-O d5 6. d3 Bg4 7. h3 Bh5 8. Nbd2
f6 9. e5 fxe5 10. Re1 Qd6 11. g4 Bf7 12. Nxe5 g6 13. Nb3 Bg7 14. Bf4 Qf6 15. Qd2
Qh4 16. Bg5 Bh6 17. Qf4 Bxg5 18. Qxf7+ 1-0

[Event "AUTO-ADV-2138"]
[Site "http://www.queenalice.com/game.php?id=929925"]
[Date "2011.4.24"]
[Round "1"]
[White "gedalias"]
[Black "jodense"]
[Result "0-1"]
[WhiteElo "1996"]
[BlackElo "2010"]

1. e4 e5 2. Nf3 Nc6 3. Bb5 a6 4. Ba4 b5 5. Bb3 Nf6 6. d3 Bc5 7. Bg5 h6 8. Bh4
O-O 9. Bd5 g5 10. Bg3 Nxd5 11. exd5 Nd4 12. Nxe5 d6 13. Nf3 Re8+ 14. Kf1 f5 15.
h3 f4 16. Bh2 Nxf3 17. Qxf3 Qf6 18. c3 Qg6 19. g4 fxg3 20. Bxg3 Bf5 21. Nd2
Bxd3+ 22. Kg2 Be2 0-1

[Event "Let's Play Chess!"]
[Site "http://www.queenalice.com/game.php?id=934972"]
[Date "2011.5.6"]
[Round "-"]
[White "jodense"]
[Black "zaccho"]
[Result "1-0"]
[WhiteElo "2102"]
[BlackElo "1660"]

1. e4 e6 2. Nf3 b6 3. d4 Bd6 4. e5 Bf8 5. Bd3 Bb7 6. O-O c5 7. c3 cxd4 8. cxd4
Nc6 9. a3 Rc8 10. Nc3 h5 11. Bg5 f6 12. Bg6+ Ke7 13. Nd5+ exd5 14. exf6+ gxf6
15. Qe2+ Kd6 16. Bf4+ Ne5 17. Nxe5 fxe5 18. Qxe5+ Kc6 19. Rfc1+ Kb5 20. Qe2+ Ka5
21. Bd2+ Ka4 22. b3+ Kxb3 23. Qb5+ Bb4 24. Qxb4# 1-0

[Event "Challenge"]
[Site "http://www.queenalice.com/game.php?id=935016"]
[Date "2011.5.7"]
[Round "-"]
[White "jodense"]
[Black "eddval"]
[Result "1-0"]
[WhiteElo "2102"]
[BlackElo "2152"]

1. e4 e5 2. Nf3 Nc6 3. Bb5 a6 4. Ba4 Nf6 5. O-O Be7 6. Nc3 b5 7. Bb3 d6 8. a4 b4
9. Nd5 Nxe4 10. Nxe7 Nxe7 11. d4 Bb7 12. dxe5 dxe5 13. Nxe5 O-O 14. Re1 Ng6 15.
Nxg6 hxg6 16. Be3 Qf6 17. Qd7 Ng5 18. Qxc7 Bxg2 19. Kxg2 Qf3+ 20. Kg1 Qg4+ 21.
Qg3 Nf3+ 22. Kg2 Nxe1+ 23. Rxe1 Qf5 24. Bg5 Rfe8 25. Be7 Ra7 26. Re5 Qd7 27.
Bxf7+ Kxf7 28. Qb3+ 1-0

[Event "Challenge"]
[Site "http://www.queenalice.com/game.php?id=935435"]
[Date "2011.5.8"]
[Round "-"]
[White "jodense"]
[Black "jizaias"]
[Result "1-0"]
[WhiteElo "2155"]
[BlackElo "2247"]

1. e4 c5 2. Nf3 d6 3. Bc4 e6 4. Nc3 Nf6 5. d4 cxd4 6. Nxd4 a6 7. O-O Nbd7 8. a4
Ne5 9. Be2 Be7 10. f4 Ng6 11. Nb3 O-O 12. a5 Bd7 13. Qd3 Rc8 14. Be3 Bc6 15. Nd4
d5 16. Nxc6 Rxc6 17. exd5 Nxd5 18. Nxd5 Qxd5 19. Qxd5 exd5 20. Bd3 h6 21. g3 Re8
22. Kg2 Bf6 23. Bf2 Bxb2 24. Rab1 Bc3 25. Rxb7 Bxa5 26. Ra1 Bc3 27. Rxa6 Rxa6
28. Bxa6 d4 29. Bc4 Re7 30. Rb8+ Nf8 31. f5 Rc7 32. Bd3 Re7 33. g4 Rd7 34. Re8
Bb4 35. Kf3 Ba5 36. Ke4 Bc3 37. Bg3 g6 38. fxg6 Kg7 39. gxf7 Kxf7 40. Ra8 Ng6
41. Bc4+ Kf6 42. Ra6+ Kg7 43. Kf5 Nf8 44. Be5+ Kh7 45. Bf4 d3 46. Rxh6+ Kg7 47.
Rh3 Nh7 48. Bh6+ Kh8 49. Rxd3 Rxd3 50. cxd3 Nf6 51. h4 Bd4 52. g5 Nd7 53. g6 Nf6
54. Bf7 Nh5 55. Bf8 Bc3 56. Kg5 Ng7 57. Kg4 Bf6 58. h5 1-0

[Event "Let's Play Chess!"]
[Site "http://www.queenalice.com/game.php?id=937782"]
[Date "2011.5.15"]
[Round "-"]
[White "drd123"]
[Black "jodense"]
[Result "0-1"]
[WhiteElo "2116"]
[BlackElo "2233"]

1. e4 e5 2. Nf3 Nc6 3. Bb5 a6 4. Ba4 b5 5. Bb3 Bd6 6. c3 Nf6 7. d4 O-O 8. Bg5 h6
9. Bxf6 Qxf6 10. d5 Na5 11. Bc2 Nc4 12. Qc1 c6 13. b3 Nb6 14. dxc6 dxc6 15. Qe3
Nd7 16. Nbd2 a5 17. O-O Rd8 18. Rad1 Nc5 19. Rfe1 Ne6 20. Nf1 Bc5 21. Rxd8+ Qxd8
22. Qd2 Qxd2 23. N1xd2 f6 24. Nf1 b4 25. c4 Kf7 26. Ne3 g6 27. Rd1 Nd4 28. Nxd4
exd4 29. Nf1 Bg4 30. Rd2 Bb6 31. h3 Be6 32. Nh2 a4 33. Nf3 axb3 34. axb3 Ra1+
35. Kh2 c5 36. Rd1 Ra2 37. Rd2 Bd7 38. e5 Ra3 39. exf6 Kxf6 40. Ng1 Bc7+ 41. g3
Ra2 42. Nf3 Bc6 43. Bd1 Bxf3 44. Rxa2 Bxd1 45. Ra6+ Ke7 46. Kg1 Bxb3 47. Rc6 Bd6
48. Kf1 Bxc4+ 49. Ke1 Kd7 50. Rb6 Kc7 0-1

[Event "Challenge"]
[Site "http://www.queenalice.com/game.php?id=940337"]
[Date "2011.5.20"]
[Round "-"]
[White "jodense"]
[Black "dossoman"]
[Result "1-0"]
[WhiteElo "2190"]
[BlackElo "2193"]

1. e4 e5 2. Nf3 Nc6 3. Bb5 a6 4. Ba4 Nf6 5. O-O Nxe4 6. Re1 Nc5 7. Bxc6 dxc6 8.
Nxe5 Be7 9. d4 Ne6 10. Be3 O-O 11. Nc3 f6 12. Nf3 Rf7 13. Qd3 Ng5 14. Bxg5 fxg5
15. Qc4 Bf6 16. Ne5 Bxe5 17. Rxe5 Qf8 18. Rae1 Bd7 19. Ne4 h6 20. Nc5 b5 21. Qb3
Be8 22. R1e4 Kh8 23. Qe3 Bd7 24. Nxd7 Rxd7 25. Re8 Rxe8 26. Rxe8 1-0

[Event "Let's Play Chess!"]
[Site "http://www.queenalice.com/game.php?id=942050"]
[Date "2011.5.24"]
[Round "-"]
[White "Killersugus"]
[Black "jodense"]
[Result "0-1"]
[WhiteElo "2075"]
[BlackElo "2217"]

1. d4 d5 2. c4 e6 3. Nf3 Nf6 4. Nc3 Be7 5. Bf4 O-O 6. e3 Nc6 7. a3 Nh5 8. Bg3 a6
9. cxd5 exd5 10. Qb3 Be6 11. Qxb7 Nxg3 12. Qxc6 Nxh1 13. Bd3 Rb8 14. b4 a5 15.
b5 Rb6 0-1

[Event "Let's Play Chess!"]
[Site "http://www.queenalice.com/game.php?id=945308"]
[Date "2011.6.3"]
[Round "-"]
[White "colatina"]
[Black "jodense"]
[Result "0-1"]
[WhiteElo "2194"]
[BlackElo "2250"]

1. d4 d5 2. c4 e6 3. Nc3 Nf6 4. cxd5 exd5 5. Bg5 Be7 6. e3 O-O 7. Bd3 h6 8. Bh4
c5 9. Nf3 c4 10. Bc2 Nc6 11. O-O Bg4 12. h3 Bh5 13. Kh1 Qd7 14. Bxf6 Bxf6 15. g4
Bg6 16. Bxg6 fxg6 17. Rg1 a6 18. Qc2 Qf7 19. Raf1 Rae8 20. b3 Bd8 21. Nh2 b5 22.
bxc4 dxc4 23. Rg3 Nb4 24. Qd2 Nd3 25. f4 Ba5 26. Rff3 b4 27. Na4 Qd5 28. Qg2 Ne1
29. Qf2 Nxf3 30. Rxf3 Qb5 31. Nc5 Bb6 32. Nb7 Qd5 33. Nc5 Bxc5 34. dxc5 c3 35.
Qg1 c2 36. Qc1 Qxa2 37. Rf1 Qc4 38. Kg2 Qxc5 39. Kf3 b3 40. Re1 Qc3 41. Re2 b2
42. Qxc2 Rxe3+ 0-1

[Event "Challenge"]
[Site "http://www.queenalice.com/game.php?id=945762"]
[Date "2011.6.3"]
[Round "-"]
[White "jodense"]
[Black "Zwartkijker"]
[Result "1-0"]
[WhiteElo "2269"]
[BlackElo "2304"]

1. e4 d6 2. d4 Nf6 3. Nc3 g6 4. Nf3 Bg7 5. Be2 O-O 6. O-O c5 7. d5 a6 8. a4 b6
9. Bg5 h6 10. Bf4 Nbd7 11. h3 Bb7 12. Qd2 Kh7 13. Qe3 Qc7 14. Bh2 Rad8 15. Rad1
Ne8 16. Bg3 e5 17. Nd2 f5 18. exf5 gxf5 19. Nc4 Rb8 20. Qd2 Qd8 21. Bh2 Bc8 22.
Ra1 Qf6 23. f3 b5 24. Na5 b4 25. Nd1 Nc7 26. Nc6 Ra8 27. Ne3 f4 28. Nc4 Rg8 29.
a5 Kh8 30. Nb6 Nxb6 31. axb6 Ne8 32. Ra5 Qf7 33. Rfa1 1-0

[Event "Challenge"]
[Site "http://www.queenalice.com/game.php?id=956493"]
[Date "2011.7.3"]
[Round "-"]
[White "jodense"]
[Black "igorzz"]
[Result "1-0"]
[WhiteElo "2292"]
[BlackElo "2293"]

1. e4 e5 2. Nf3 Nc6 3. Bb5 a6 4. Ba4 Nf6 5. O-O Be7 6. Nc3 b5 7. Bb3 d6 8. a4
Bg4 9. axb5 axb5 10. Rxa8 Qxa8 11. Nxb5 Qb7 12. Ba4 O-O 13. h3 Ra8 14. hxg4 Rxa4
15. Nc3 Ra1 16. g5 Nd7 17. Nd5 Bd8 18. d3 Nd4 19. Nxd4 exd4 20. Qh5 c6 21. Nf4
Ra2 22. Ne2 c5 23. Qh3 Nf8 24. f4 d5 25. e5 Bb6 26. f5 Qe7 27. e6 Bc7 28. exf7+
Qxf7 29. f6 Bd6 30. fxg7 Qxg7 31. Qf3 Qb7 32. Ng3 Ng6 33. Nf5 Bf8 34. Ne7+ Qxe7
35. Qxd5+ Kh8 36. Qxa2 Qe2 37. Qc4 Qe5 38. Qf7 Bd6 39. Qf6+ Kg8 40. Qxe5 Bxe5
41. Kf2 Kf7 42. Kf3 Ke6 43. Rh1 Kd5 44. Rxh7 Bd6 45. Kg4 Ke6 46. Rh6 Kf7 47. Kh5
1-0

[Event "Challenge"]
[Site "http://www.queenalice.com/game.php?id=961565"]
[Date "2011.7.18"]
[Round "-"]
[White "jodense"]
[Black "Harir"]
[Result "1-0"]
[WhiteElo "2312"]
[BlackElo "2336"]

1. e4 e5 2. Nf3 Nc6 3. Bb5 Nf6 4. O-O Bc5 5. Nxe5 Nxe5 6. d4 Bd6 7. dxe5 Bxe5 8.
f4 Bd6 9. e5 Bc5+ 10. Kh1 Ng8 11. Nc3 c6 12. Ne4 cxb5 13. Nxc5 Ne7 14. f5 O-O
15. f6 Ng6 16. fxg7 Re8 17. Qd5 Nxe5 18. Bf4 Qf6 19. Rae1 d6 20. Ne4 Qe6 21. Bh6
Qxh6 22. Nf6+ Qxf6 23. Rxf6 Be6 24. Qxb7 Rac8 25. Qxb5 Kxg7 26. Rf2 Re7 27. Qb4
Rc5 28. b3 f6 29. Qf4 Rf7 30. c4 Rc6 31. Qg3+ Kh8 32. Ref1 f5 33. Rd2 Rf6 34.
Qg5 Rg6 35. Qd8+ Bg8 36. Rxf5 Rb6 37. Rf8 Rg7 38. Re2 Rbb7 39. c5 Rbf7 40. h3
Nc6 41. Qxd6 Rxf8 42. Qxf8 Rg6 43. Re8 Nb4 44. Qf2 Rg7 45. Qf6 Nd5 46. Qe5 h6
47. Qxd5 Kh7 48. Qe4+ Kh8 49. c6 a5 50. c7 1-0

[Event "Challenge"]
[Site "http://www.queenalice.com/game.php?id=963234"]
[Date "2011.7.22"]
[Round "-"]
[White "jodense"]
[Black "agmac"]
[Result "1/2-1/2"]
[WhiteElo "2332"]
[BlackElo "2341"]

1. e4 e5 2. Nf3 Nc6 3. Bb5 a6 4. Ba4 Nf6 5. O-O b5 6. Bb3 Be7 7. d4 d6 8. dxe5
Nxe5 9. Nxe5 dxe5 10. Qxd8+ Bxd8 11. Be3 Bb7 12. f3 Be7 13. Rd1 O-O 14. Kf2 Rfc8
15. a3 Rd8 16. Rxd8+ Rxd8 17. a4 Ra8 18. axb5 axb5 19. Rxa8+ Bxa8 20. c4 bxc4
21. Bxc4 Nd7 22. Nc3 g6 23. Bh6 Nb6 24. Bd3 g5 25. g3 f6 26. f4 Kf7 27. f5 Bc6
28. Kf3 Ke8 29. b3 Kd7 30. h3 Kd8 31. Bb5 Bxb5 32. Nxb5 Kd7 33. Nc3 Kc6 34. h4
gxh4 35. gxh4 Bb4 36. Na4 Nd7 37. Ke3 Kb5 38. Kd3 Nc5+ 39. Nxc5 Bxc5 40. h5 Kb4
41. Kc2 Bf2 42. Bg7 Bh4 43. Bf8+ Kb5 44. Kd3 c5 45. Bh6 Bf2 46. Ke2 Bh4 47. Bd2
c4 48. bxc4+ Kxc4 49. Be3 1/2-1/2

[Event "Challenge"]
[Site "http://www.queenalice.com/game.php?id=971177"]
[Date "2011.8.11"]
[Round "-"]
[White "jodense"]
[Black "CarlosOlivas"]
[Result "1-0"]
[WhiteElo "2368"]
[BlackElo "2347"]

1. e4 e6 2. Nf3 d5 3. exd5 exd5 4. d4 Nc6 5. Bd3 Bd6 6. O-O Nge7 7. Nc3 O-O 8.
a3 a6 9. h3 h6 10. Be3 b5 11. Re1 Be6 12. Qd2 Nf5 13. Bxf5 Bxf5 14. Bf4 Bxf4 15.
Qxf4 Bxc2 16. Nxb5 axb5 17. Rac1 Ra4 18. Rxc2 Rc4 19. Rcc1 Qd7 20. Qd2 Qd6 21.
Re3 Rxc1+ 22. Qxc1 Nd8 23. Qc3 Ne6 24. Ne5 g6 25. Qd3 b4 26. axb4 Ra8 27. Rg3
Ng5 28. Qd2 Ne6 29. Kh2 Kg7 30. b5 Ra4 31. b6 1-0

[Event "AUTO-ADV-2138"]
[Site "http://www.queenalice.com/game.php?id=973877"]
[Date "2011.8.18"]
[Round "2"]
[White "justeldiablo"]
[Black "jodense"]
[Result "0-1"]
[WhiteElo "1875"]
[BlackElo "2332"]

1. d4 d5 2. Nf3 Nf6 3. a3 Nc6 4. e3 g6 5. Bb5 Bg7 6. h3 O-O 7. O-O Bf5 8. Nc3 a6
9. Bd3 e6 10. Bxf5 exf5 11. b3 Re8 12. Qd3 Ne4 13. Nd2 Ne7 14. Ndxe4 dxe4 15.
Qe2 c5 16. Na4 cxd4 17. exd4 b5 18. Nc3 Qxd4 19. Bb2 Qc5 20. b4 Qc6 21. Qe1 Rac8
0-1

[Event "AUTO-ADV-2138"]
[Site "http://www.queenalice.com/game.php?id=973878"]
[Date "2011.8.18"]
[Round "2"]
[White "jodense"]
[Black "justeldiablo"]
[Result "1-0"]
[WhiteElo "2332"]
[BlackElo "1875"]

1. e4 c5 2. Nc3 e5 3. Nf3 d6 4. Bc4 Be6 5. d3 a6 6. Bxe6 fxe6 7. Ng5 Qf6 8. Qh5+
g6 9. Qh3 Nc6 10. Nxe6 Qe7 11. Nd5 Qf7 12. Nec7+ Kd8 13. Ne6+ Ke8 14. Ndc7+ Ke7
15. Bg5+ Nf6 16. Nd5+ 1-0

[Event "AUTO-ADV-2138"]
[Site "http://www.queenalice.com/game.php?id=973881"]
[Date "2011.8.18"]
[Round "2"]
[White "jodense"]
[Black "fjarnold"]
[Result "1-0"]
[WhiteElo "2332"]
[BlackElo "2316"]

1. e4 e5 2. Nf3 Nc6 3. Bb5 a6 4. Ba4 Nf6 5. d4 Be7 6. Nxe5 Nxe4 7. Qg4 Ng5 8. f4
h5 9. Qd1 Ne4 10. Qd3 Nf6 11. c3 b5 12. Bc2 Bb7 13. O-O d6 14. Nf3 O-O 15. Ng5
Re8 16. Nd2 Na5 17. b4 Nc4 18. Nxc4 bxc4 19. Qxc4 d5 20. Qb3 Qd7 21. Nf3 Ne4 22.
Ne5 Qf5 23. Bb2 Bd6 24. c4 dxc4 25. Qxc4 Qe6 26. Qxe6 fxe6 27. Rfe1 Nf6 28. a3
a5 29. b5 Bd5 30. a4 Rf8 31. Ba3 Rad8 32. g3 Nd7 33. Bxd6 cxd6 34. Nc6 1-0

[Event "AUTO-ADV-2138"]
[Site "http://www.queenalice.com/game.php?id=973882"]
[Date "2011.8.18"]
[Round "2"]
[White "fjarnold"]
[Black "jodense"]
[Result "0-1"]
[WhiteElo "2333"]
[BlackElo "2348"]

1. d4 d5 2. c4 e6 3. cxd5 exd5 4. Nc3 Nc6 5. Nf3 Nf6 6. Bg5 Be7 7. e3 O-O 8. Rc1
h6 9. Bxf6 Bxf6 10. Qb3 Ne7 11. Bd3 b6 12. O-O Bg4 13. Ne5 Bxe5 14. dxe5 c5 15.
Qa3 Qd7 16. h3 Bh5 17. f4 f6 18. Bb5 Qc7 19. e6 Qd6 20. Bd7 Be8 21. Nb5 Qb8 22.
b4 Bxd7 23. exd7 c4 24. Qa6 Rd8 25. Rfd1 Kh8 26. Kf2 Nc6 27. a3 Ne7 28. Rc3 g5
29. g3 h5 30. h4 gxh4 31. gxh4 Rxd7 32. Rxc4 Nf5 33. Rc3 Qe8 34. Nd4 Nd6 35. Rc2
Rg7 36. Qf1 Qa4 37. Rd3 Rag8 38. Qh3 Ne4+ 0-1

[Event "Let's Play Chess!"]
[Site "http://www.queenalice.com/game.php?id=982404"]
[Date "2011.9.8"]
[Round "-"]
[White "jodense"]
[Black "P17"]
[Result "1-0"]
[WhiteElo "2360"]
[BlackElo "2215"]

1. e4 c5 2. Nf3 Nc6 3. Nc3 e6 4. d4 cxd4 5. Nxd4 Nf6 6. Nxc6 bxc6 7. Bd3 d5 8.
O-O Be7 9. Bf4 O-O 10. h3 a5 11. Re1 Ba6 12. Bxa6 Rxa6 13. Qd3 Rb6 14. b3 h6 15.
Rad1 Re8 16. e5 Nd7 17. Na4 Rb4 18. Bd2 Rb8 19. Qa6 Ra8 20. Qxc6 Rc8 21. Qb5
Rxc2 22. Bxa5 Qc8 23. Rd3 Nc5 24. Rd2 Rxd2 25. Bxd2 Nxa4 26. bxa4 Qb8 27. Rb1
Qa8 28. a5 Rc8 29. Be3 Qc6 30. a6 1-0